A guide to teaching practice /

Uloženo v:
Podrobná bibliografie
Hlavní autor: Cohen, Louis, 1928-
Médium: Kniha
Jazyk:English
Vydáno: London ; New York : Routledge, 1996.
Vydání:4th ed.
Témata:
Tagy: Přidat tag
Žádné tagy, Buďte první, kdo otaguje tento záznam!
Thư viện lưu trữ: Mạng thư viện Đại học Đà Nẵng
LEADER 00896cam a2200349 i 4500
001 000045282
003 4454
005 20030226145741.0
008 010220|1996 vm 000 eng
020 |a 0415142210 
040 |a IRC  |c IRC  |d IRC 
041 0 |a eng 
082 1 4 |a 370.71  |b CO-L 
100 1 |a Cohen, Louis,  |d 1928- 
245 0 2 |a A guide to teaching practice /  |c Louis Cohen, 1928- 
250 |a 4th ed. 
260 |a London ; New York :  |b Routledge,  |c 1996. 
300 |a xvi, 494p. :  |b ill. 
630 0 4 |a Teaching. 
630 0 4 |a Teachers. 
650 0 4 |a Teachers  |x Training of  |z Great Britain. 
650 0 4 |a Student teaching  |z Great Britain. 
OWN |a DUT 
999 |a From the UDN01 
TYP |a Monograph 
TYP |a Printed language 
980 |a Mạng thư viện Đại học Đà Nẵng